DIARY OF A WIMPY KID NO BRAINER (Record no. 7166)
[ view plain ]
| 000 -LEADER | |
|---|---|
| fixed length control field | 00642nam a22001457a 4500 |
| 020 ## - INTERNATIONAL STANDARD BOOK NUMBER | |
| ISBN | 978-0-241-58313-5 |
| 082 ## - DEWEY DECIMAL CLASSIFICATION NUMBER | |
| Classification number | 823 |
| Item number | KIN/D |
| 100 ## - MAIN ENTRY--AUTHOR NAME | |
| Personal name | KINNEY, JEFF |
| 245 ## - TITLE STATEMENT | |
| Title | DIARY OF A WIMPY KID NO BRAINER |
| 260 ## - PUBLICATION, DISTRIBUTION, ETC. (IMPRINT) | |
| Place of publication | LONDON |
| Name of publisher | PENGUIN BOOKS |
| Year of publication | 2023 |
| 300 ## - PHYSICAL DESCRIPTION | |
| Number of Pages | 217 |
| 520 ## - SUMMARY, ETC. | |
| Summary, etc | Up until now, middle school hasn't exactly been a joyride for Greg Heffley. So when the town threatens to close the crumbling building, he's not too broken up about it. But when Greg realizes this means he's going to be sent to a different school than his best friend, Rowley Jefferson, he changes his tune. |
| 650 ## - SUBJECT ADDED ENTRY--TOPICAL TERM | |
| Topical Term | CHILDRENS STORY BOOK |
| Geographic subdivision | INDIA |
| 942 ## - ADDED ENTRY ELEMENTS (KOHA) | |
| Koha item type | Books |
| Withdrawn status | Lost status | Collection code | Home library | Current library | Shelving location | Date acquired | Source of acquisition | Cost, normal purchase price | Full call number | Accession Number | Koha item type |
|---|---|---|---|---|---|---|---|---|---|---|---|
| Fiction | Main Library | Main Library | NEW SHELF WITH NEW ENTRY | 11/11/2023 | purchase | 599.00 | 823 KIN/D | 13305 | Books |